000 00811nam a2200205Ia 4500
008 0000001993 pr ad 0000000000spa00
090 _aPPR00 Z25j
100 1 _aZeno, Jorge
_d1956
245 1 0 _aJorge Zeno
_b: pinturas
_c/ fotografías Víctor Vázquez
300 _a[40] p.
_c/ 22 cm.
500 _aCon el patronazgo del maestro venezolano Jesús Rafael Soto (q.e.p.d.) \ Portada autografíada con el siguiente texto : A Celia. Salud, éxito y paz. Zeno.
600 0 0 _aZENO, JORGE, 1956 /
_xTRABAJOS PICTORICOS
650 1 4 _aARTE CONTEMPORANEO PUERTORRIQUEÑO
650 1 4 _xCATALOGOS
650 1 4 _xEXPOSICIONES
650 1 4 _aPINTORES PUERTORRIQUEÑOS
650 1 4 _aPINTURA PUERTORRIQUEÑA
700 1 _aVázquez, Víctor
999 _c5421
_d5421
260 _aSan Juan (Puerto Rico) : Galería Botello
_c1993